=LDR 00000nam 2200000 4500 =001 INLIS000000000028832 =005 20130612131116 =008 ***********************************Ind** =035 ##$$a0010-061300000028832 =041 ##$$a Ind =082 ##$$a 813.083 =090 ##$$a 813.083, Naj g =100 ##$$a Nadjib, Emha Ainun =245 ##$$a Gerakan punakawan atawa arus bawah, Emha Nainun Nadjib =260 ##$$a 2004 $b Yogyakarta =300 ##$$a viii, 224 hlm, 20 cm =650 ##$$a Sastra Indonesia =850 ##$$a NBPNMAT =990 ##$$a 21400613/BPAP-NTB/20142014 =990 ##$$a 21400613/BPAP-NTB/20142014